| 000 | 00341 a2200109 4500 | ||
|---|---|---|---|
| 001 | ART_43655 | ||
| 005 | 20260410161756.0 | ||
| 008 | 260409a | ||
| 245 | 1 | 0 | _aFacultades de los jueces para morigerar las multas de la AFIP |
| 100 | 1 | _aSequeira, Marcos A. | |
| 773 | 0 |
_tDoctrina tributaria _g- NÂș 450 (sep. 2017) _wREV4296 |
|
| 999 |
_c20119 _d20119 |
||